Statistics for Celtic Champions League XIs

Click here to take the quiz!

General Stats

  • This quiz has been taken 133 times
  • The average score is 25 of 60

Answer Stats

Answer% Correct
Scott Brown
77%
Henrik Larsson
76%
Callum McGregor
69%
Moussa Dembélé
67%
Fraser Forster
63%
John Hartson
61%
Chris Sutton
59%
Craig Gordon
58%
Virgil van Dijk
57%
Artur Boruc
55%
Georgios Samaras
54%
Dianbobo Baldé
53%
James Forrest
53%
Robert Douglas
53%
Kieran Tierney
52%
Neil Lennon
52%
Shunsuke Nakamura
49%
Scott McDonald
48%
Scott Sinclair
47%
Stilian Petrov
47%
Alan Thompson
46%
Gary Hooper
46%
Mikael Lustig
45%
David Marshall
43%
Dedryck Boyata
42%
Aiden McGeady
41%
Paul Lambert
41%
Victor Wanyama
41%
Stephen McManus
40%
Tom Rogic
40%
Didier Agathe
39%
Jan Vennegoor of Hesselink
39%
Johan Mjällby
39%
Stuart Armstrong
39%
Kelvin Wilson
38%
Mark Wilson
38%
Anthony Stokes
35%
Kenny Miller
35%
Gary Caldwell
34%
Kris Commons
33%
Emilio Izaguirre
32%
Jackie McNamara
32%
Jozo Šimunović
32%
Shaun Maloney
32%
Charlie Mulgrew
31%
Efe Ambrose
31%
Lee Naylor
29%
Joos Valgaeren
28%
Massimo Donati
27%
Olivier Ntcham
27%
Erik Sviatchenko
26%
Barry Robson
25%
Paul Hartley
24%
Magnus Hedman
23%
Paul Telfer
23%
Henri Camara
22%
Jiří Jarošík
22%
Stanislav Varga
21%
Andreas Hinkel
20%
Evander Sno
15%

Score Distribution

Percentile by Number Answered

Percent of People with Each Score

Your Score History

You have not taken this quiz